NHL 1980's Top Point Scorers - Statistics

General Stats
  • This quiz has been taken 1,480 times
    261 since last reset
  • The average score is 11 of 20
Answer Stats
Points Player % Correct
1864 Wayne Gretzky
100%
891 Mark Messier
91%
997 Jari Kurri
87%
791 Mario Lemieux
87%
876 Mike Bossy
77%
866 Bryan Trottier
75%
893 Paul Coffey
72%
908 Marcel Dionne
70%
775 Ray Bourque
62%
806 Glenn Anderson
51%
877 Dale Hawerchuk
43%
1024 Peter Stastny
43%
984 Denis Savard
40%
821 Mike Gartner
38%
904 Michel Goulet
31%
749 Bernie Nicholls
26%
896 Bernie Federko
20%
832 Bobby Smith
18%
753 Dave Taylor
18%
793 Brian Propp
11%
No matching quizzes found
Score Distribution
Percent of People with Each Score
Percentile by Number Answered
Your Score History
You have not taken this quiz since the last reset